Entry Nombre personal
001 - NÚMERO DE CONTROL
- campo de control: 888
003 - IDENTIFICADOR DEL NÚMERO DE CONTROL
- campo de control: BNPHU
005 - FECHA Y HORA DE LA ÚLTIMA TRANSACCIÓN
- campo de control: 20240401203609.0
008 - DATOS DE LONGITUD FIJA
- campo de control de longitud fija: 200615|| aca||aabn | a|a d
010 ## - NÚMERO DE CONTROL DE LA BIBLIOTECA DEL CONGRESO
- Número de control de LC: n 82006774
040 ## - FUENTE DE LA CATALOGACIÓN
- Centro catalogador/agencia de origen: DO-SdBNP
- Lengua de catalogación: spa
- Centro/agencia transcriptor: BNPHU
- Normas de descripción: rda
100 1# - ENCABEZAMIENTO-NOMBRE DE PERSONA
- Nombre de persona: Luperón, Gregorio,
- Fechas asociadas al nombre: 1839-1897
370 ## - LUGAR ASOCIADO
- Lugar de nacimiento: Puerta Plata (República Dominicana : Provincia)
374 ## - OCUPACIÓN
- Ocupación: Comerciante
- Ocupación: Militar
- Ocupación: Político
375 ## - GÉNERO/SEXO
- Género/Sexo: Masculino
377 ## - LENGUA/LENGUAJE ASOCIADO
- Código del idioma: spa
- Término de lengua/lenguaje: Español
400 1# - TRAZADO DE VÉASE--NOMBRE DE PERSONA
- Nombre de persona: Duperrón, Gregorio,
- Fechas asociadas al nombre: 1839-1897
670 ## - FUENTE DE DATOS ENCONTRADOS
- Cita de la fuente: Work cat.: (OSt)272: Rodríguez Objío, Manuel, 1838-1871 887, Gregorio Luperón e historia de la Restauración /, 1975.
670 ## - FUENTE DE DATOS ENCONTRADOS
- Cita de la fuente: República Dominicana. Apoteosis del general Gregoris Luperón, 1926.
670 ## - FUENTE DE DATOS ENCONTRADOS
- Cita de la fuente: Zorrilla Ozuna, Jorge Rhadamés. Gregorio Luperón, padre de la segunda república, 2016:
- Información encontrada: portada (Gregorio Luperón) página 53 (nacido el 8 de septiembre de 1839, Puerto Plaza; padres eran Nicolasa Duperrón y Pedro Castellanos; tenía derecho al apellido materno, pero negado el paterno apellido; españolizó apellido de Duperrón a Luperón) pág. 78 (nombrado general militar, 1863) pág. 124 (aceptada vicepresidencia del gobierno provisional de la República Dominicana, 1865) pág. 216 (aceptada presidencia del gobierno provisional de la República Dominicana , 7 de octubre de 1879) página 312 (fallecido el 20 de mayo de 1897)
670 ## - FUENTE DE DATOS ENCONTRADOS
- Identificador Uniforme del Recurso: https://authorities.loc.gov/cgi-bin/Pwebrecon.cgi?AuthRecID=999072&v1=1&HC=1&SEQ=20240401203415&PID=K6HmMgl3smt23TTDegWCQO7fSbNuUih Consultado en : 01/04/2024
